Minnesota Timberwolves Players by NBA Game Played - Statistics

General Stats
  • This quiz has been taken 62 times
  • The average score is 679 of 3053
Answer Stats
Player Games % Correct
Kevin Garnett 970
98%
Karl-Anthony Towns 573
94%
Anthony Edwards 403
92%
Jesse Edwards 2
88%
Kevin Love 364
73%
Rudy Gobert 247
73%
Sam Cassell 140
67%
Mike Conley 196
65%
Andrew Wiggins 442
61%
Julius Randle 98
61%
Chris Johnson 30
57%
Ervin Johnson 112
57%
James Johnson 14
57%
Steve Johnson 4
57%
Wesley Johnson 144
57%
Jaden McDaniels 394
53%
Charles Smith 8
51%
Chris Smith 224
51%
Craig Smith 233
51%
Greg Smith 18
51%
Joe Smith 247
51%
C.J. Williams 15
49%
Corey Williams 4
49%
Derrick Williams 155
49%
Micheal Williams 182
49%
Mo Williams 41
49%
Ricky Rubio 421
49%
Shelden Williams 15
49%
Askia Jones 11
47%
Tyus Jones 247
47%
Wally Szczerbiak 438
45%
Jimmy Butler 69
43%
Latrell Sprewell 162
43%
Naz Reid 435
43%
Bobby Jackson 123
41%
Justin Jackson 2
41%
Marc Jackson 99
41%
Stanley Jackson 17
41%
Tom Gugliotta 231
39%
Anthony Brown 1
33%
Bobby Brown 21
33%
D'Angelo Russell 173
33%
Lorenzo Brown 29
33%
Mike Brown 109
33%
Myron Brown 4
33%
Troy Brown Jr. 37
33%
Donte DiVincenzo 91
31%
Stephon Marbury 167
31%
Zach LaVine 206
31%
Sam Mitchell 757
29%
Gerald Green 29
27%
Gorgui Dieng 498
24%
Kyle Anderson 148
24%
Al Jefferson 208
22%
Antoine Walker 46
22%
Derrick Rose 60
22%
Doug West 609
22%
Nickeil Alexander-Walker 187
22%
Othyus Jeffers 2
22%
Andre Miller 26
20%
Brad Miller 15
20%
Leonard Miller 39
20%
Mike James 82
20%
Mike Miller 73
20%
Oliver Miller 48
20%
Christian Laettner 276
18%
Malik Sealy 113
18%
Nikola Peković 271
18%
Isaiah Rider 229
16%
Jerome Allen 41
16%
Terrell Brandon 202
16%
Anthony Carter 111
14%
Brian Davis 68
14%
Ed Davis 23
14%
Jeff Teague 146
14%
Mark Davis 57
14%
Ricky Davis 117
14%
Terry Porter 246
14%
Jim Thomas 3
12%
John Thomas 44
12%
Malcolm Lee 35
12%
Malik Beasley 130
12%
Michael Beasley 120
12%
Monte Morris 27
12%
Quincy Lewis 14
12%
Rob Dillingham 74
12%
Stanley Roberts 74
12%
Chris Richard 52
10%
Corey Brewer 337
10%
Darrick Martin 85
10%
Glenn Robinson III 25
10%
James Robinson 86
10%
Jarred Vanderbilt 140
10%
Jason Hart 1
10%
Josh Howard 11
10%
Kelan Martin 31
10%
Kevin Martin 146
10%
Luke Ridnour 206
10%
Paul Grant 4
10%
Pooh Richardson 246
10%
Randy Breuer 191
10%
Randy Foye 191
10%
Rasho Nesterović 316
10%
Tony Campbell 237
10%
Brandon Roy 5
8%
Gary Trent 212
8%
Joan Beringer 9
8%
Joe Ingles 27
8%
Jonny Flynn 134
8%
Jordan Hill 7
8%
Jordan McLaughlin 242
8%
Taj Gibson 152
8%
Thaddeus Young 48
8%
Wendell Moore Jr. 54
8%
Anthony Peeler 379
6%
Anthony Randolph 57
6%
Bones Hyland 24
6%
Chauncey Billups 159
6%
Daishen Nix 18
6%
Eddie Griffin 153
6%
Jarrett Culver 97
6%
Jason Collins 31
6%
Jaylen Clark 66
6%
Jaylen Nowell 184
6%
Justin Reed 81
6%
Kris Dunn 78
6%
Luc Longley 170
6%
Luka Garza 92
6%
Shabazz Muhammad 267
6%
Terrence Shannon Jr. 52
6%
Trenton Hassell 316
6%
Aaron Brooks 32
4%
Andrae Patterson 40
4%
Andrei Kirilenko 64
4%
Anthony Bennett 57
4%
Austin Rivers 52
4%
Brian Evans 5
4%
Cherokee Parks 155
4%
Chris Carr 117
4%
Chuck Person 155
4%
Dean Garrett 272
4%
Dennis Scott 21
4%
Greg Stiemsma 76
4%
Jacob Evans 2
4%
Jake Layman 102
4%
Josh Minott 93
4%
Josh Okogie 244
4%
Lance Stephenson 6
4%
LaPhonso Ellis 82
4%
Luol Deng 22
4%
Maurice Evans 10
4%
Michael Olowokandi 137
4%
Reggie Jordan 94
4%
Scott Brooks 162
4%
Taurean Prince 123
4%
Tayshaun Prince 77
4%
Troy Daniels 19
4%
Troy Hudson 257
4%
Adreian Payne 99
2%
Alexey Shved 140
2%
Bob Thornton 12
2%
Dario Šarić 68
2%
DeJuan Wheat 34
2%
Donald Royal 66
2%
Donyell Marshall 40
2%
Felipe López 90
2%
Felton Spencer 213
2%
Fred Hoiberg 155
2%
Gary Neal 11
2%
Gerald Glass 130
2%
Greg Monroe 4
2%
Jamal Crawford 80
2%
J.J. Barea 194
2%
Johnny Juzang 8
2%
Jordan Bell 27
2%
Keita Bates-Diop 67
2%
Leandro Bolmaro 35
2%
Lou Amundson 20
2%
Mark Blount 124
2%
Marko Jarić 220
2%
Mickaël Gelabale 36
2%
Nathan Knight 75
2%
Rashad McCants 225
2%
Rod Strickland 47
2%
Ronny Turiaf 33
2%
Ryan Gomes 240
2%
Sam Jacobson 14
2%
Sean Rooks 129
2%
Sebastian Telfair 172
2%
Shabazz Napier 36
2%
Stacey King 68
2%
Tellis Frank 77
2%
Thurl Bailey 220
2%
Tod Murphy 181
2%
Treveon Graham 33
2%
Adrian Branch 11
0%
A.J. Lawson 1
0%
A.J. Price 28
0%
Alando Tucker 4
0%
Allen Crabbe 9
0%
Andrés Guibert 22
0%
Andrew Lang 20
0%
Anthony Goldwire 5
0%
Anthony Tolliver 181
0%
Arinze Onuaku 6
0%
Ashton Hagans 2
0%
Bill Curley 46
0%
Bob McCann 79
0%
Bracey Wright 26
0%
Brad Lohaus 28
0%
Brad Sellers 68
0%
Brandon Rush 47
0%
Brian Cardinal 93
0%
Bryn Forbes 25
0%
Calvin Booth 1
0%
Cameron Reynolds 19
0%
Charles Shackleford 21
0%
Chase Budinger 131
0%
Chris Silva 1
0%
Clifford Rozier 6
0%
Cole Aldrich 83
0%
Damien Wilkins 80
0%
Damjan Rudež 33
0%
Dan Godfread 10
0%
Dante Cunningham 161
0%
Darko Miličić 122
0%
Eric Riley 25
0%
Gary Leonard 22
0%
Greg Buckner 31
0%
Greg Foster 61
0%
Gundars Vētra 13
0%
Howard Eisley 34
0%
Igor Rakočević 42
0%
Isaiah Canaan 7
0%
James Nunnally 13
0%
Jared Terrell 14
0%
Jeff Adrien 17
0%
Jerryd Bayless 34
0%
John Lucas III 5
0%
Juancho Hernangómez 66
0%
Justin Hamilton 17
0%
Justin Patton 1
0%
Keith McLeod 33
0%
Kendall Gill 82
0%
Kevin Ollie 50
0%
Kirk Snyder 27
0%
Kosta Koufos 39
0%
Lance Blanks 61
0%
Lazar Hayward 46
0%
Loren Woods 98
0%
Luc Mbah a Moute 55
0%
Marcus Banks 40
0%
Marcus Georges-Hunt 42
0%
Mark Madsen 270
0%
Mark Randall 41
0%
Marlon Maxey 98
0%
Marques Bragg 53
0%
Martell Webster 93
0%
Matt Ryan 22
0%
Maurice Ager 4
0%
McKinley Wright IV 5
0%
Michael Doleac 24
0%
Mike Wilks 31
0%
Miroslav Raduljica 5
0%
Mitch Creek 1
0%
Nathan Jawai 39
0%
Ndudi Ebi 19
0%
Nemanja Bjelica 192
0%
Nikoloz Tskitishvili 5
0%
Noah Vonleh 29
0%
Oleksiy Pecherov 44
0%
Omri Casspi 13
0%
Pat Durham 59
0%
Patrick Beverley 58
0%
PJ Dozier 9
0%
Ramon Sessions 82
0%
Reggie Slater 81
0%
Richard Coffey 52
0%
Richie Frahm 25
0%
Robbie Hummel 98
0%
Robert Covington 70
0%
Robert Pack 16
0%
Rodney Carney 67
0%
Ronald Dupree 36
0%
Ryan Hollins 73
0%
Sasha Pavlović 71
0%
Scott Roth 71
0%
Sean Kilpatrick 4
0%
Shake Milton 38
0%
Shane Heal 43
0%
Sidney Lowe 80
0%
Spud Webb 26
0%
Stojko Vranković 53
0%
Sundiata Gaines 8
0%
Theo Ratliff 10
0%
T.J. Warren 11
0%
Todd Day 31
0%
Tom Garrick 15
0%
Tom Hammonds 169
0%
Trevor Winter 1
0%
Tristen Newton 3
0%
Tyrone Corbin 175
0%
Wayne Ellington 189
0%
Will Conroy 4
0%
William Avery 142
0%
Winston Garland 73
0%
No matching quizzes found
Score Distribution
Percent of People with Each Score
Percentile by Number Answered
Your Score History
You have not taken this quiz